Modern advanced accounting

Αποθηκεύτηκε σε:
Λεπτομέρειες βιβλιογραφικής εγγραφής
Κύριος συγγραφέας: Larsen, E. John
Μορφή: Βιβλίο
Γλώσσα:English
Δημοσίευση: New York : McGraw-Hill, c1994
Έκδοση:6th ed.
Θέματα:
Ετικέτες: Προσθήκη ετικέτας
Δεν υπάρχουν, Καταχωρήστε ετικέτα πρώτοι!

MARC

LEADER 00000nam a2200000 i 4500
001 1/63318
008 071116s1994 eng d
020 |a 0071134417 
020 |a 0070365954 
035 |l 10092347 
040 |a GR-MY-UA  |b gre  |e aacr 
041 0 |a eng 
082 0 |a 657.046 
100 1 |a Larsen, E. John. 
245 1 0 |a Modern advanced accounting /  |c E.John Larsen 
250 |a 6th ed. 
260 |a New York :   |b McGraw-Hill,   |c c1994 
300 |a xxii, 970 σ. 
650 0 0 |a Accounting. 
852 |a INST  |b CHIOS  |e 20071116  |h 657.046 LAR  |p 005200003673  |q 005200003673  |t BK  |y 0 
909 |a Χ  |b 037591 
922 |a 2ΕΛΗ  |b 199809  |c ΤΔΕ  |d ΠΑΠΑΣΩΤΗΡΙΟΥ